MARC details
| 000 -CABECERA |
| campo de control de longitud fija |
02371ngc a2200409 a 4500 |
| 003 - IDENTIFICADOR DEL NÚMERO DE CONTROL |
| campo de control |
CHAP |
| 005 - FECHA Y HORA DE LA ÚLTIMA TRANSACCIÓN |
| campo de control |
20260306062804.0 |
| 007 - CAMPO FIJO DE DESCRIPCIÓN FÍSICA--INFORMACIÓN GENERAL |
| campo de control de longitud fija |
vz czazzs |
| 008 - DATOS DE LONGITUD FIJA--INFORMACIÓN GENERAL |
| campo de control de longitud fija |
221013s2022 mx 120|f |||| s0| vlspa d |
| 040 ## - FUENTE DE LA CATALOGACIÓN |
| Centro catalogador/agencia de origen |
mxchpua |
| Centro/agencia transcriptor |
CHAP |
| 050 ## - SIGNATURA TOPOGRÁFICA DE LA BIBLIOTECA DEL CONGRESO |
| Número de clasificación |
V SF272.C5 |
| Número de documento/Ítem |
S26 2022 |
| 082 ## - NÚMERO DE LA CLASIFICACIÓN DECIMAL DEWEY |
| Número de clasificación |
V 637.3 |
| Número de documento/Ítem |
S26 2022 |
| 100 1# - ENTRADA PRINCIPAL--NOMBRE DE PERSONA |
| 9 (RLIN) |
147701 |
| Nombre de persona |
Santos Moreno, Armando |
| Fechas asociadas al nombre |
1949 |
| 245 10 - MENCIÓN DE TÍTULO |
| Título |
Elaboración de queso de cincho |
| Medio |
[Videograbación] / |
| Mención de responsabilidad, etc. |
director Armando Santos Moreno |
| 250 ## - MENCIÓN DE EDICIÓN |
| Mención de edición |
1a edición |
| 260 ## - PUBLICACIÓN, DISTRIBUCIÓN, ETC. |
| Lugar de publicación, distribución, etc. |
Chapingo, México : |
| Nombre del editor, distribuidor, etc. |
El autor, |
| Fecha de publicación, distribución, etc. |
2022 |
| 306 ## - TIEMPO DE REPRODUCCIÓN/DURACIÓN |
| Tiempo de reproducción/duración |
001200 |
| 490 1# - MENCIÓN DE SERIE |
| Mención de serie |
Vídeos sobre elaboración de quesos ; |
| Designación de volumen o secuencia |
2 |
| 500 ## - NOTA GENERAL |
| Nota general |
Duración: 12:00 minutos |
| 505 00 - NOTA DE CONTENIDO CON FORMATO |
| Título |
Introducción |
| Información miscelánea |
(00:05) -- |
| Título |
Diagrama de elaboración de queso cincho de Guerrero y Morelos |
| Información miscelánea |
(00:47) -- |
| Título |
Ordeña |
| Información miscelánea |
(01:40) -- |
| Título |
Recepción de la leche |
| Información miscelánea |
(03:08) -- |
| Título |
Acondicionamiento de la leche |
| Información miscelánea |
(03:43) -- |
| Título |
Reposo o acidificación |
| Información miscelánea |
(03:57) -- |
| Título |
Estandarización artesanal |
| Información miscelánea |
(04:28) -- |
| Título |
Formación y acondicionamiento del gel o cuajada |
| Información miscelánea |
(04:57) -- |
| Título |
Cuajado o formación de gel en la leche |
| Información miscelánea |
(05:10) -- |
| Título |
Cortado del gel o cuajada |
| Información miscelánea |
(06:19) -- |
| Título |
Desuerado de la pasta |
| Información miscelánea |
(07:10) -- |
| Título |
Trabajo de la pasta |
| Información miscelánea |
(07:40) -- |
| Título |
Amasado de la pasta |
| Información miscelánea |
(07:52) -- |
| Título |
Salado o adición de sal |
| Información miscelánea |
(08:13) -- |
| Título |
Acondicionamiento de la pasta |
| Información miscelánea |
(08:33) -- |
| Título |
Moldeado |
| Información miscelánea |
(08:46) -- |
| Título |
Prensado |
| Información miscelánea |
(09:41) -- |
| Título |
Acondicionamiento del queso |
| Información miscelánea |
(10:36) -- |
| Título |
Desmoldado del queso |
| Información miscelánea |
(10:52) -- |
| Título |
Oreado o madurado del queso |
| Información miscelánea |
(11:15) -- |
| Título |
Envasado o empaquetado |
| Información miscelánea |
(11:39) -- |
| Título |
Créditos |
| Información miscelánea |
(11:50) |
| 511 0# - NOTA DE PARTICIPANTES O INTÉRPRETES |
| Nota de participantes o intérpretes |
Narrador: Armando Santos Moreno |
| 521 4# - NOTA DE PÚBLICO DESTINATARIO |
| Nota de público destinatario |
Obra recomendada para estudiantes del Departamento de Ingeniería Agroindustrial |
| 538 ## - NOTA DE DETALLES DEL SISTEMA |
| Nota de detalles del sistema |
Modo de acceso: Internet |
| 546 ## - NOTA DE LENGUA/LENGUAJE |
| Nota de lengua/lenguaje |
Audio: En español |
| 650 13 - PUNTO DE ACCESO ADICIONAL DE MATERIA--TÉRMINO DE MATERIA |
| 9 (RLIN) |
144437 |
| Término de materia o nombre geográfico como elemento de entrada |
Queso artesanal |
| Subdivisión geográfica |
México |
| -- |
Guerrero |
| 650 13 - PUNTO DE ACCESO ADICIONAL DE MATERIA--TÉRMINO DE MATERIA |
| 9 (RLIN) |
144437 |
| Término de materia o nombre geográfico como elemento de entrada |
Queso artesanal |
| Subdivisión geográfica |
México |
| -- |
Morelos |
| 650 13 - PUNTO DE ACCESO ADICIONAL DE MATERIA--TÉRMINO DE MATERIA |
| 9 (RLIN) |
142991 |
| Término de materia o nombre geográfico como elemento de entrada |
Fabricación de queso |
| 650 13 - PUNTO DE ACCESO ADICIONAL DE MATERIA--TÉRMINO DE MATERIA |
| 9 (RLIN) |
152329 |
| Término de materia o nombre geográfico como elemento de entrada |
Tecnología lechera |
| 650 13 - PUNTO DE ACCESO ADICIONAL DE MATERIA--TÉRMINO DE MATERIA |
| 9 (RLIN) |
185223 |
| Término de materia o nombre geográfico como elemento de entrada |
Artisan cheese |
| Subdivisión geográfica |
Mexico |
| -- |
Guerrero |
| 650 13 - PUNTO DE ACCESO ADICIONAL DE MATERIA--TÉRMINO DE MATERIA |
| 9 (RLIN) |
185223 |
| Término de materia o nombre geográfico como elemento de entrada |
Artisan cheese |
| Subdivisión geográfica |
Mexico |
| -- |
Morelos |
| 650 13 - PUNTO DE ACCESO ADICIONAL DE MATERIA--TÉRMINO DE MATERIA |
| 9 (RLIN) |
146964 |
| Término de materia o nombre geográfico como elemento de entrada |
Cheesemaking |
| 650 13 - PUNTO DE ACCESO ADICIONAL DE MATERIA--TÉRMINO DE MATERIA |
| 9 (RLIN) |
161553 |
| Término de materia o nombre geográfico como elemento de entrada |
Dairy technology |
| Subdivisión general |
|
| 700 1# - PUNTO DE ACCESO ADICIONAL--NOMBRE DE PERSONA |
| 9 (RLIN) |
185567 |
| Nombre de persona |
Sánchez Guevara, Jecsan Guadalupe |
| Término indicativo de función/relación |
colaborador |
| 710 2# - PUNTO DE ACCESO ADICIONAL--NOMBRE DE ENTIDAD CORPORATIVA |
| Nombre de entidad corporativa o nombre de jurisdicción como elemento de entrada |
Universidad Autónoma Chapingo |
| Unidad subordinada |
Departamento de Ingeniería Agroindustrial |
| 9 (RLIN) |
143749 |
| 856 ## - LOCALIZACIÓN Y ACCESO ELECTRÓNICOS |
| Texto de enlace |
VER VÍDEO |
| Identificador Uniforme del Recurso |
<a href="http://10.13.5.2/video/Queso_Cincho.mp4">http://10.13.5.2/video/Queso_Cincho.mp4</a> |
| 942 ## - ELEMENTOS DE PUNTO DE ACCESO ADICIONAL (KOHA) |
| Fuente del sistema de clasificación o colocación |
Dewey Decimal Classification |
| Tipo de ítem Koha |
Vídeo |